00895nam a2200193Ia 4500952010400000999001700104008004100121020001500162050001600177245009900193260003200292300001800324490003100342505018300373519008200556650002700638700002900665942000700694 00104070a18b18d2011-09-07l7oHQ56 E3818p18 001452r2023-03-25s2023-03-23t1w2012-06-26yLB c74590d74590120626s1975 sp 000 0 spa d a8425409624 aHQ56bE381813aLa educación sexualc / Marcello Peretti... [et al.]; traducción de Antonio Martínez Riu3 aEspañab : Herderc, 1975 a379 páginas a(Sección de Pedagogía) aLa interpretación de la sexualidad Problemas de la educación sexual en la edad evolutiva Metodología de la educación La formación sexual en las instituciones educativas aPlan Flexible / bPsicología / cEducación Sexual (B19-3) / d(18 001452) aEDUCACIÒN SEXUALIDAD aPeretti, Marcelloeautor cLB